北海道釧路町の地名・MyGO!!!!!の曲名クイズ - Statistics

General Stats
  • This quiz has been taken 140 times
  • The average score is 11 of 36
Answer Stats
漢字 読み % Correct
しおり
67%
知方学 ちっぽまない
50%
重蘭窮 ちぷらんけうし
46%
又飯時 またいとき
43%
仙鳳趾 せんぽうし
42%
老者舞 おしゃまっぷ
40%
春日影 はるひかげ
40%
初無敵 そんてき
38%
潜在表明 せんざいひょうめい
38%
冬窓床 ぶいま
37%
入境学 にこまない
36%
壱雫空 ひとしずく
36%
音一会 おといちえ
33%
名無声 なもなき
33%
跡永賀 あとえか
32%
分遺瀬 わかちゃらせ
32%
碧天伴走 へきてんばんそう
31%
十町瀬 とまちせ
29%
影色舞 シルエットダンス
29%
浦雲泊 ぽんとまり
28%
来止臥 きとうし
27%
尻羽岬 しれぱみさき
26%
無路矢 のろし
25%
迷星叫 まよいうた
25%
詩超絆 うたことば
23%
回層浮 かいそう
23%
去来牛 さるきうし
22%
宿徳内 しゅくとくない
22%
賤夫向 せきねっぷ
22%
処救生 こきゅう
22%
迷路日々 メロディー
21%
焚音打 たねび
20%
輪符雨 リフレイン
20%
嬰寄別 あっちょろべつ
19%
砂寸奏 さすらい
18%
地嵐別 ちゃらしべつ
13%
No matching quizzes found
Score Distribution
Percent of People with Each Score
Percentile by Number Answered
Your Score History
You have not taken this quiz